The shock of the Anthropocene: The Earth, History and Us.

Zapisane w:
Opis bibliograficzny
Główni autorzy: Bonneuil, Christophe (Autor), Fressoz, Jean-Baptiste (Autor)
Format: Nieznany
Wydane: Brooklyn, New York, United States: Verso, 2017.
Wydanie:First Edition.
Hasła przedmiotowe:
Etykiety: Dodaj etykietę
Nie ma etykietki, Dołącz pierwszą etykiete!

MARC

LEADER 00000 a2200000 4500
003 CL-VaPUC
005 20241106152752.0
008 241104t2017 ||||| |||| 00| 0 eng d
999 |c 445043  |d 445041 
020 |a 9781784785031 
040 |c Pontificia Universidad Católica de Valparaíso 
082 7 |a 304.2 BON 2017  |2 22 
100 |a Bonneuil, Christophe  |9 892114  |e author 
245 1 4 |a The shock of the Anthropocene:  |b The Earth, History and Us. 
250 |a First Edition. 
260 |a Brooklyn, New York, United States:  |b Verso,  |c 2017. 
300 |a xiv, 306 páginas. 
583 |k Gabriela Rodríguez Cuevas   |c 20241104 
650 0 |9 263207  |a Ecología humana  
650 0 |9 269656  |a Naturaleza  |x Consecuencias de la actividad humana 
650 0 |9 884589  |a Antropoceno   |x Relación humanos- medio ambiente 
650 0 |9 859281  |a Cambio ambiental global  
700 |9 893106  |a Fressoz, Jean-Baptiste  |e author 
942 |2 ddc  |c BK 
952 |0 0  |1 0  |2 ddc  |4 0  |6 304_200000000000000_BON_2017  |7 0  |8 A  |9 597722  |a BIBARQ  |b BIBARQ  |d 2024-11-04  |e 3  |g 30143.98  |i 5663110  |o 304.2 BON 2017  |p 5663110  |r 2025-01-20  |t 1  |v 30143.98  |w 2024-11-04  |y BK  |k MAD